000 00763nam a2200205 i 4500
001 28013
003 ES-MaACL
005 20230906153739.0
007 t|
008 030116s1946 ag ||||1| spa d
100 1 _aBailey, Frederick R.
_924692
245 1 0 _aHistología /
_cFrederick R. Bailey ; undécima edición revisada por Philip E. Smith... ; traducción y notas por José Pandra... ; prólogo de Manuel E. Varela.
250 _a1ª ed. castellana.
260 _aBuenos Aires :
_bLópez Etchegoyen,
_c1946 (
_fLa prensa médica argentina)
300 _a907 p., 16 lám. :
_bil. ;
_c23 cm.
700 1 _aSmith, Philip E.
_9106913
700 1 _aPandra, José.
_988760
700 1 _aVarela, Manuel Enrique.
_9113143
852 _aES-MaACL
_jC-4080
_bR.23681
999 _c28013
_d28013